Randomized Pokemon Quiz Gens I-IV - Statistics

General Stats
  • This quiz has been taken 50 times
  • The average score is 34 of 50
Answer Stats
Dex # Type Pokemon % Correct
063 Psychic Abra
100%
142 Rock/Flying Aerodactyl
100%
190 Normal Aipom
100%
065 Psychic Alakazam
100%
424 Normal Ambipom
100%
181 Electric Ampharos
100%
493 Normal Arceus
100%
168 Bug/Poison Ariados
100%
304 Steel/Rock Aron
100%
144 Ice/Flying Articuno
100%
298 Normal/Fairy Azurill
100%
371 Dragon Bagon
100%
343 Ground/Psychic Baltoy
100%
411 Rock/Steel Bastiodon
100%
153 Grass Bayleef
100%
015 Bug/Poison Beedrill
100%
374 Steel/Psychic Beldum
100%
182 Grass Bellossom
100%
400 Normal/Water Bibarel
100%
286 Grass/Fighting Breloom
100%
406 Grass/Poison Budew
100%
010 Bug Caterpie
100%
006 Fire/Flying Charizard
100%
004 Fire Charmander
100%
005 Fire Charmeleon
100%
358 Psychic Chimecho
100%
170 Water/Electric Chinchou
100%
366 Water Clamperl
100%
035 Fairy Clefairy
100%
091 Water/Ice Cloyster
100%
415 Bug/Flying Combee
100%
256 Fire/Fighting Combusken
100%
222 Water/Rock Corsola
100%
346 Rock/Grass Cradily
100%
159 Water Croconaw
100%
104 Ground Cubone
100%
155 Fire Cyndaquil
100%
491 Dark Darkrai
100%
386 Psychic Deoxys
100%
087 Water/Ice Dewgong
100%
050 Ground Diglett
100%
132 Normal Ditto
100%
084 Normal/Flying Doduo
100%
232 Ground Donphan
100%
148 Dragon Dragonair
100%
425 Ghost/Flying Drifloon
100%
096 Psychic Drowzee
100%
051 Ground Dugtrio
100%
477 Ghost Dusknoir
100%
023 Poison Ekans
100%
466 Electric Electivire
100%
101 Electric Electrode
100%
244 Fire Entei
100%
102 Grass/Psychic Exeggcute
100%
103 Grass/Psychic Exeggutor
100%
349 Water Feebas
100%
205 Bug/Steel Forretress
100%
444 Dragon/Ground Gabite
100%
282 Psychic/Fairy Gardevoir
100%
092 Ghost/Poison Gastly
100%
423 Water/Ground Gastrodon
100%
094 Ghost/Poison Gengar
100%
443 Dragon/Ground Gible
100%
207 Ground/Flying Gligar
100%
044 Grass/Poison Gloom
100%
076 Rock/Ground Golem
100%
316 Poison Gulpin
100%
130 Water/Flying Gyarados
100%
297 Fighting Hariyama
100%
093 Ghost/Poison Haunter
100%
485 Fire/Steel Heatran
100%
449 Ground Hippopotas
100%
450 Ground Hippowdon
100%
106 Fighting Hitmonlee
100%
237 Fighting Hitmontop
100%
250 Fire/Flying Ho-oh
100%
163 Normal/Flying Hoothoot
100%
187 Grass/Flying Hoppip
100%
229 Dark/Fire Houndoom
100%
174 Normal/Fairy Igglybuff
100%
002 Grass/Poison Ivysaur
100%
189 Grass/Flying Jumpluff
100%
124 Ice/Psychic Jynx
100%
141 Rock/Water Kabutops
100%
115 Normal Kangaskhan
100%
230 Water/Dragon Kingdra
100%
281 Psychic/Fairy Kirlia
100%
401 Bug Kricketot
100%
382 Water Kyogre
100%
171 Water/Electric Lanturn
100%
131 Water/Ice Lapras
100%
381 Dragon/Psychic Latios
100%
165 Bug/Flying Ledyba
100%
463 Normal Lickilicky
100%
345 Rock/Grass Lileep
100%
249 Psychic/Flying Lugia
100%
337 Rock/Psychic Lunatone
100%
370 Water Luvdisc
100%
404 Electric Luxio
100%
068 Fighting Machamp
100%
066 Fighting Machop
100%
219 Fire/Rock Magcargo
100%
126 Fire Magmar
100%
467 Fire Magmortar
100%
081 Electric/Steel Magnemite
100%
296 Fighting Makuhita
100%
473 Ice/Ground Mamoswine
100%
226 Water/Flying Mantine
100%
105 Ground Marowak
100%
259 Water/Ground Marshtomp
100%
284 Bug/Flying Masquerain
100%
308 Fighting/Psychic Medicham
100%
307 Fighting/Psychic Meditite
100%
154 Grass Meganium
100%
376 Steel/Psychic Metagross
100%
375 Steel/Psychic Metang
100%
011 Bug Metapod
100%
151 Psychic Mew
100%
262 Dark Mightyena
100%
350 Water Milotic
100%
439 Psychic/Fairy Mime Jr.
100%
200 Ghost Misdreavus
100%
429 Ghost Mismagius
100%
146 Fire/Flying Moltres
100%
122 Psychic/Fairy Mr. Mime
100%
089 Poison Muk
100%
029 Poison Nidoran
100%
032 Poison Nidoran
100%
030 Poison Nidorina
100%
033 Poison Nidorino
100%
291 Bug/Flying Ninjask
100%
322 Fire/Ground Numel
100%
138 Rock/Water Omanyte
100%
139 Rock/Water Omastar
100%
095 Rock/Ground Onix
100%
279 Water/Flying Pelipper
100%
231 Ground Phanpy
100%
018 Normal/Flying Pidgeot
100%
025 Electric Pikachu
100%
221 Ice/Ground Piloswine
100%
204 Bug Pineco
100%
127 Bug Pinsir
100%
311 Electric Plusle
100%
060 Water Poliwag
100%
062 Water/Fighting Poliwrath
100%
077 Fire Ponyta
100%
261 Dark Poochyena
100%
137 Normal Porygon
100%
057 Fighting Primeape
100%
247 Rock/Ground Pupitar
100%
195 Water/Ground Quagsire
100%
156 Fire Quilava
100%
026 Electric Raichu
100%
243 Electric Raikou
100%
280 Psychic/Fairy Ralts
100%
078 Fire Rapidash
100%
020 Normal Raticate
100%
019 Normal Rattata
100%
112 Ground/Rock Rhydon
100%
111 Ground/Rock Rhyhorn
100%
479 Electric/Ghost Rotom
100%
027 Ground Sandshrew
100%
028 Ground Sandslash
100%
123 Bug/Flying Scyther
100%
292 Bug/Ghost Shedinja
100%
090 Water Shellder
100%
275 Grass/Dark Shiftry
100%
403 Electric Shinx
100%
285 Grass Shroomish
100%
266 Bug Silcoon
100%
227 Steel/Flying Skarmory
100%
188 Grass/Flying Skiploom
100%
300 Normal Skitty
100%
235 Normal Smeargle
100%
238 Ice/Psychic Smoochum
100%
215 Dark/Ice Sneasel
100%
143 Normal Snorlax
100%
361 Ice Snorunt
100%
459 Grass/Ice Snover
100%
338 Rock/Psychic Solrock
100%
021 Normal/Flying Spearow
100%
363 Ice/Water Spheal
100%
167 Bug/Poison Spinarak
100%
442 Ghost/Dark Spiritomb
100%
234 Normal Stantler
100%
120 Water Staryu
100%
208 Steel/Ground Steelix
100%
434 Poison/Dark Stunky
100%
185 Rock Sudowoodo
100%
245 Water Suicune
100%
191 Grass Sunkern
100%
317 Poison Swalot
100%
220 Ice/Ground Swinub
100%
465 Grass Tangrowth
100%
128 Normal Tauros
100%
216 Normal Teddiursa
100%
072 Water/Poison Tentacool
100%
158 Water Totodile
100%
454 Poison/Fighting Toxicroak
100%
328 Ground Trapinch
100%
252 Grass Treecko
100%
357 Grass/Flying Tropius
100%
236 Fighting Tyrogue
100%
201 Psychic Unown
100%
049 Bug/Poison Venomoth
100%
048 Bug/Poison Venonat
100%
003 Grass/Poison Venusaur
100%
416 Bug/Flying Vespiquen
100%
071 Grass/Poison Victreebel
100%
045 Grass/Poison Vileplume
100%
313 Bug Volbeat
100%
100 Electric Voltorb
100%
037 Fire Vulpix
100%
008 Water Wartortle
100%
461 Dark/Ice Weavile
100%
013 Bug/Poison Weedle
100%
040 Normal/Fairy Wigglytuff
100%
278 Water/Flying Wingull
100%
202 Psychic Wobbuffet
100%
194 Water/Ground Wooper
100%
178 Psychic/Flying Xatu
100%
469 Bug/Flying Yanmega
100%
145 Electric/Flying Zapdos
100%
041 Poison/Flying Zubat
100%
083 Normal/Flying Farfetch'd
83%
080 Water/Psychic Slowbro
83%
378 Ice Regice
80%
464 Ground/Rock Rhyperior
80%
334 Dragon/Flying Altaria
75%
184 Water/Fairy Azumarill
75%
437 Steel/Psychic Bronzong
75%
452 Poison/Dark Drapion
75%
116 Water Horsea
75%
272 Water/Grass Ludicolo
75%
490 Water Manaphy
75%
372 Dragon Shelgon
75%
134 Water Vaporeon
75%
110 Poison Weezing
75%
133 Normal Eevee
71%
257 Fire/Fighting Blaziken
67%
036 Fairy Clefable
67%
453 Poison/Fighting Croagunk
67%
169 Poison/Flying Crobat
67%
239 Electric Elekid
67%
475 Psychic/Fighting Gallade
67%
445 Dragon/Ground Garchomp
67%
042 Poison/Flying Golbat
67%
385 Steel/Psychic Jirachi
67%
109 Poison Koffing
67%
380 Dragon/Psychic Latias
67%
264 Normal Linoone
67%
164 Normal/Flying Noctowl
67%
186 Water Politoed
67%
486 Normal Regigigas
67%
119 Water Seaking
67%
213 Bug/Rock Shuckle
67%
353 Ghost Shuppet
67%
114 Grass Tangela
67%
176 Fairy/Flying Togetic
67%
387 Grass Turtwig
67%
157 Fire Typhlosion
67%
306 Steel/Rock Aggron
50%
024 Poison Arbok
50%
348 Rock/Bug Armaldo
50%
482 Psychic Azelf
50%
242 Normal Blissey
50%
332 Grass/Dark Cacturne
50%
251 Psychic/Grass Celebi
50%
225 Ice/Flying Delibird
50%
149 Dragon/Flying Dragonite
50%
147 Dragon Dratini
50%
206 Normal Dunsparce
50%
356 Ghost Dusclops
50%
125 Electric Electabuzz
50%
136 Fire Flareon
50%
478 Ice/Ghost Froslass
50%
362 Ice Glalie
50%
055 Water Golduck
50%
088 Poison Grimer
50%
388 Grass Grotle
50%
326 Psychic Grumpig
50%
107 Fighting Hitmonchan
50%
228 Dark/Fire Houndour
50%
402 Bug Kricketune
50%
108 Normal Lickitung
50%
082 Electric/Steel Magneton
50%
056 Fighting Mankey
50%
458 Water/Flying Mantyke
50%
446 Normal Munchlax
50%
224 Water Octillery
50%
017 Normal/Flying Pidgeotto
50%
233 Normal Porygon2
50%
394 Water Prinplup
50%
384 Dragon/Flying Rayquaza
50%
410 Rock/Steel Shieldon
50%
287 Normal Slakoth
50%
209 Fairy Snubbull
50%
007 Water Squirtle
50%
398 Normal/Flying Staraptor
50%
175 Fairy Togepi
50%
255 Fire Torchic
50%
324 Fire Torkoal
50%
329 Ground/Dragon Vibrava
50%
288 Normal Vigoroth
50%
365 Ice/Water Walrein
50%
293 Normal Whismur
50%
413 Bug/Forme Type Wormadam
50%
360 Psychic Wynaut
50%
263 Normal Zigzagoon
50%
059 Fire Arcanine
40%
347 Rock/Bug Anorith
33%
436 Steel/Psychic Bronzor
33%
455 Grass Carnivine
33%
318 Water/Dark Carvanha
33%
113 Normal Chansey
33%
085 Normal/Flying Dodrio
33%
431 Normal Glameow
33%
210 Fairy Granbull
33%
430 Dark/Flying Honchkrow
33%
314 Bug Illumise
33%
064 Psychic Kadabra
33%
470 Grass Leafeon
33%
310 Electric Manectric
33%
489 Water Phione
33%
427 Normal Buneary
25%
405 Electric Luxray
25%
460 Grass/Ice Abomasnow
0%
359 Dark Absol
0%
354 Ghost Banette
0%
339 Water/Ground Barboach
0%
267 Bug/Flying Beautifly
0%
069 Grass/Poison Bellsprout
0%
399 Normal Bidoof
0%
009 Water Blastoise
0%
438 Rock Bonsly
0%
418 Water Buizel
0%
001 Grass/Poison Bulbasaur
0%
412 Bug Burmy
0%
012 Bug/Flying Butterfree
0%
331 Grass Cacnea
0%
323 Fire/Ground Camerupt
0%
268 Bug Cascoon
0%
351 Normal Castform
0%
441 Normal/Flying Chatot
0%
421 Grass Cherrim
0%
420 Grass Cherubi
0%
152 Grass Chikorita
0%
390 Fire Chimchar
0%
433 Psychic Chingling
0%
344 Ground/Psychic Claydol
0%
173 Fairy Cleffa
0%
341 Water Corphish
0%
408 Rock Cranidos
0%
342 Water/Dark Crawdaunt
0%
488 Psychic Cresselia
0%
301 Normal Delcatty
0%
483 Steel/Dragon Dialga
0%
426 Ghost/Flying Drifblim
0%
355 Ghost Duskull
0%
269 Bug/Poison Dustox
0%
309 Electric Electrike
0%
395 Water/Steel Empoleon
0%
196 Psychic Espeon
0%
295 Normal Exploud
0%
022 Normal/Flying Fearow
0%
160 Water Feraligatr
0%
456 Water Finneon
0%
180 Electric Flaaffy
0%
419 Water Floatzel
0%
330 Ground/Dragon Flygon
0%
162 Normal Furret
0%
074 Rock/Ground Geodude
0%
203 Normal/Psychic Girafarig
0%
487 Ghost/Dragon Giratina
0%
471 Ice Glaceon
0%
472 Ground/Flying Gliscor
0%
118 Water Goldeen
0%
368 Water Gorebyss
0%
075 Rock/Ground Graveler
0%
383 Ground Groudon
0%
253 Grass Grovyle
0%
058 Fire Growlithe
0%
440 Normal Happiny
0%
214 Bug/Fighting Heracross
0%
367 Water Huntail
0%
097 Psychic Hypno
0%
392 Fire/Fighting Infernape
0%
039 Normal/Fairy Jigglypuff
0%
135 Electric Jolteon
0%
140 Rock/Water Kabuto
0%
014 Bug/Poison Kakuna
0%
352 Normal Kecleon
0%
099 Water Kingler
0%
098 Water Krabby
0%
305 Steel/Rock Lairon
0%
246 Rock/Ground Larvitar
0%
166 Bug/Flying Ledian
0%
271 Water/Grass Lombre
0%
428 Normal Lopunny
0%
270 Water/Grass Lotad
0%
294 Normal Loudred
0%
448 Fighting/Steel Lucario
0%
457 Water Lumineon
0%
067 Fighting Machoke
0%
240 Fire Magby
0%
129 Water Magikarp
0%
462 Electric/Steel Magnezone
0%
179 Electric Mareep
0%
183 Water/Fairy Marill
0%
303 Steel/Fairy Mawile
0%
052 Normal Meowth
0%
481 Psychic Mesprit
0%
150 Psychic Mewtwo
0%
241 Normal Miltank
0%
312 Electric Minun
0%
391 Fire/Fighting Monferno
0%
414 Bug/Flying Mothim
0%
258 Water Mudkip
0%
198 Dark/Flying Murkrow
0%
177 Psychic/Flying Natu
0%
034 Poison/Ground Nidoking
0%
031 Poison/Ground Nidoqueen
0%
290 Bug/Ground Nincada
0%
038 Fire Ninetales
0%
299 Rock Nosepass
0%
274 Grass/Dark Nuzleaf
0%
043 Grass/Poison Oddish
0%
417 Electric Pachirisu
0%
484 Water/Dragon Palkia
0%
046 Bug/Grass Paras
0%
047 Bug/Grass Parasect
0%
053 Normal Persian
0%
172 Electric Pichu
0%
016 Normal/Flying Pidgey
0%
393 Water Piplup
0%
061 Water Poliwhirl
0%
474 Normal Porygon-Z
0%
476 Rock/Steel Probopass
0%
054 Water Psyduck
0%
432 Normal Purugly
0%
211 Water/Poison Qwilfish
0%
409 Rock Rampardos
0%
377 Rock Regirock
0%
379 Steel Registeel
0%
369 Water/Rock Relicanth
0%
223 Water Remoraid
0%
447 Fighting Riolu
0%
315 Grass/Poison Roselia
0%
407 Grass/Poison Roserade
0%
302 Dark/Ghost Sableye
0%
373 Dragon/Flying Salamence
0%
254 Grass Sceptile
0%
212 Bug/Steel Scizor
0%
117 Water Seadra
0%
364 Ice/Water Sealeo
0%
273 Grass Seedot
0%
086 Water Seel
0%
161 Normal Sentret
0%
336 Poison Seviper
0%
319 Water/Dark Sharpedo
0%
492 Grass Shaymin
0%
422 Water Shellos
0%
451 Poison/Bug Skorupi
0%
435 Poison/Dark Skuntank
0%
289 Normal Slaking
0%
199 Water/Psychic Slowking
0%
079 Water/Psychic Slowpoke
0%
218 Fire Slugma
0%
327 Normal Spinda
0%
325 Psychic Spoink
0%
397 Normal/Flying Staravia
0%
396 Normal/Flying Starly
0%
121 Water/Psychic Starmie
0%
192 Grass Sunflora
0%
283 Bug/Water Surskit
0%
333 Normal/Flying Swablu
0%
260 Water/Ground Swampert
0%
277 Normal/Flying Swellow
0%
276 Normal/Flying Taillow
0%
073 Water/Poison Tentacruel
0%
468 Fairy/Flying Togekiss
0%
389 Grass/Ground Torterra
0%
248 Rock/Dark Tyranitar
0%
197 Dark Umbreon
0%
217 Normal Ursaring
0%
480 Psychic Uxie
0%
494 Psychic/Fire Victini
0%
320 Water Wailmer
0%
321 Water Wailord
0%
070 Grass/Poison Weepinbell
0%
340 Water/Ground Whiscash
0%
265 Bug Wurmple
0%
193 Bug/Flying Yanma
0%
335 Normal Zangoose
0%
No matching quizzes found
Score Distribution
Percent of People with Each Score
Percentile by Number Answered
Your Score History
You have not taken this quiz